Loading...
| History - World | 0 | 7 | 3 | 2 | 55 | 70 | 108.14 | 0 | 2 | 9.12 | 27.99 |
| Modern World | 1 | 2 | 0 | 1 | 35 | 41 | 97.00 | 0 | 1 | 16.02 | 27.70 |
| History - European | 0 | 4 | 1 | 0 | 35 | 93 | 107.50 | 0 | 1 | 5.80 | 17.98 |
| History - American | 0 | 3 | 0 | 1 | 30 | 98 | 116.00 | 0 | 0 | 1.87 | 7.85 |
| History - Ancient | 0 | 3 | 0 | 0 | 30 | 106 | 123.00 | 0 | 0 | 2.93 | 15.74 |
| Literature - American | 0 | 2 | 0 | 2 | 20 | 142 | 142.50 | 0 | 0 | 0.15 | 3.10 |
| Social Science | 0 | 2 | 1 | 1 | 15 | 121 | 124.00 | 0 | 0 | 0.33 | 2.62 |
| Visual Arts | 0 | 1 | 0 | 0 | 10 | 135 | 135.00 | 0 | 0 | 0.30 | 1.43 |
| History - Other | 0 | 1 | 0 | 0 | 10 | 113 | 113.00 | 0 | 0 | 2.75 | 12.00 |
| Literature - European | 0 | 1 | 0 | 1 | 10 | 138 | 138.00 | 0 | 0 | 0.10 | 2.38 |
| Literature - World | 0 | 1 | 0 | 0 | 10 | 109 | 109.00 | 0 | 0 | 1.70 | 4.17 |
| Other Academic | 0 | 1 | 0 | 0 | 10 | 88 | 88.00 | 0 | 0 | 5.64 | 10.00 |
| Geography | 0 | 0 | 0 | 0 | 0 | 0.00 | 0 | 0 | 0.00 | 0.00 | |
| Beliefs | 0 | 0 | 1 | 0 | -5 | 0.00 | 0 | 0 | 0.00 | 0.00 |